U.S. States Where Abortion is Banned - Statistics

General Stats
  • This quiz has been taken 27 times
  • The average score is 15 of 17
Answers on the Map
Answers color-coded by a green-red scale on the quiz's map according to % correct below.
 
Answer Stats
Status Answer Exceptions % Correct
Banned Texas To save mother's life
100%
6 Weeks Florida To save mother's life/health; in case of rape/incest (up to 15 weeks) or fetal anomalies (during first 2 trimesters)
96%
6 Weeks Georgia To save mother's life/health; in case of rape/incest (up to 22 weeks) or fetal anomalies (up to 22 weeks)
96%
Banned Alabama To save mother's life/health; in case of fetal anomalies
92%
Banned Arkansas To save mother's life
92%
Banned Mississippi To save mother's life; in case of rape (up to 6 weeks)
92%
Banned Louisiana To save mother's life/physical health
88%
Banned Oklahoma To save mother's life
88%
6 Weeks South Carolina To save mother's life/health; in case of rape/incest (up to 12 weeks) or fetal anomalies
88%
Banned Idaho To save mother's life; in case of rape/incest (in the first trimester only)
85%
Banned Indiana To save mother's life/health; in case of rape/incest (up to 12 weeks) or fetal anomalies (up to 22 weeks)
85%
Banned Kentucky To save mother's life/physical health
85%
Banned Tennessee To save mother's life/physical health
85%
Banned North Dakota Life, physical health and rape/incest (up to 6 weeks LMP)
81%
Banned South Dakota To save mother's life
81%
Banned West Virginia To save mother's life/health; in case of rape/incest (up to 8 weeks) or fetal anomalies
81%
6 Weeks Iowa To save mother's life/health; in case of rape/incest (up to 22 weeks) or fetal anomalies (up to 22 weeks)
73%
No matching quizzes found
Score Distribution
Percent of People with Each Score
Percentile by Number Answered
Your Score History
You have not taken this quiz